000 00311nam a22001337a 4500
008 181025b xxu||||| |||| 00| 0 eng d
020 _a9780195179606
041 _aeng
080 _a330
100 _a52
101 _aECO
245 _aLeading Issues In Economics Development
_cMeier.G.M
942 _2udc
_cBK
999 _c50929
_d50929